000 00561cam a2200133 4500500
005 20260111091248.0
041 _afre
042 _adc
245 0 0 _aMoioli G., Giovanni della Croce. Saggi teologici, éd. D. Castenetto, coll. Quodlibet 9, Milan, Glossa, 2000, 21x14, 367 p., 21.70 €. ISBN 88-7105-113-0
260 _c2005.
500 _a20
786 0 _nNouvelle revue théologique | 127 | 4 | 2005-12-15 | p. 641y-641y | 0029-4845
856 4 1 _uhttps://shs.cairn.info/revue-nouvelle-revue-theologique-2005-4-page-641y?lang=fr&redirect-ssocas=7080
999 _c1620750
_d1620750